000 00739nam a2200289Ia 4500
005 20260324144009.0
008 008 260324s9999 xx 000 0 eng d
020 _a9781315056944
037 _aEBOOK
040 _aCRL
040 _beng
040 _cCRL
041 _2eng
041 _aeng
084 _qCRL
100 _aGraham R. Walden
_91217696
245 0 _aPublic Opinion Polls and Survey Research
245 2 _bA Selective Annotated Bibliography of U. S. Guides & Studies from the 1980s
260 _bTaylor and Francis
260 _c1990
365 _a
365 _b67.99
856 _uhttp://www.taylorfrancis.com/books/9781315056944
942 _cEBOOK
999 _c1823779
_d1823779